| 000 | 01240nam2a2200253 4500 | ||
|---|---|---|---|
| 001 | rc\2929384 | ||
| 005 | 20260315055056.0 | ||
| 035 | _a(NLR Aleph) 007078980 | ||
| 090 |
_a13596835 _c13596835 |
||
| 100 | _a20110818d1939 u y0rusy50 ca | ||
| 101 | 0 | _arus | |
| 102 | _aRU | ||
| 105 | _ay z ||||| | ||
| 200 | 1 | _aКраткое руководство по технике безопасности простейших клинико-диагностических лабораторных исследований | |
| 210 | _d1939 | ||
| 300 | _aЗагл. серии взято с обл. | ||
| 461 | 0 |
_1001rc\2929381 _12001#$aВ помощь сельскому врачу$eВып. 1-$fКабинет больничной и внебольничной помощи Моск. обл. клинич. ин-та$vВып. 4 _96457280 _cМосква _d1939 _fКабинет больничной и внебольничной помощи Моск. обл. клинич. ин-та _nБ. и. _oВып. 1- _tВ помощь сельскому врачу _vВып. 4 |
|
| 700 | 1 |
_aКриммер _bД.И. |
|
| 801 | 0 |
_aRU _bNLR _gpsbo |
|
| 801 | 1 |
_aRU _bELAR _2rusmarc |
|
| 852 |
_aNLR _j39-11/1048 |
||
| 852 |
_aNLR _j39-11/2094 |
||
| 942 | _cUNSPEC | ||
| 980 | _aNB | ||